| 000 | 00652nam a2200205 i 4500 | ||
|---|---|---|---|
| 001 | 34661 | ||
| 003 | ES-MaACL | ||
| 005 | 20230906154956.0 | ||
| 007 | t| | ||
| 008 | 030207s1926 fr ||||1| fre d | ||
| 100 | 1 |
_aBlechmann, Germain. _929457 |
|
| 245 | 1 | 0 |
_aMaladies des nourrissons et des enfants / _cGermain Blechamann. |
| 260 |
_aParis : _bOctave Doin, _c1926 ( _fImp. Orleanaise) |
||
| 300 |
_a387 p. ; _c16 cm. |
||
| 490 | 1 | _aLes consultations journalières | |
| 650 | 4 |
_aNiños- _xEnfermedades- _xAspectos nutricionales. _9165406 |
|
| 830 | 0 |
_aLes consultations journalières _9182913 |
|
| 852 |
_aES-MaACL _jE-1238 |
||
| 999 |
_c34661 _d34661 |
||